Food Prices.

Discusses problems facing policymakers created by rising food prices.

Bibliographic Details
Corporate Authors: Library of Congress. Congressional Research Service, ProQuest (Firm)
Format: eBook
Language:English
Published: [Place of publication not identified] : [publisher not identified], 1980.
Series:U.S. Congressional Research.
Subjects:
Online Access:Connect to the full text of this electronic book

MARC

Tag First Indicator Second Indicator Subfields
LEADER 00000cam a22000001a 4500
001 in00003369002
006 m d f
007 cr bn mmmapmmp
008 100612s1980 dcu o f000 0 eng d
005 20260429175951.0
035 |a cis2007877438 
040 |a ProQuest  |c ProQuest  |d UtOrBLW 
043 |a n-us--- 
099 |a CRS-1980-ENR-0033 
110 2 |a Library of Congress.  |b Congressional Research Service. 
245 1 0 |a Food Prices. 
264 1 |a [Place of publication not identified] :  |b [publisher not identified],  |c 1980. 
300 |a 1 online resource. 
336 |a text  |b txt  |2 rdacontent 
337 |a computer  |b c  |2 rdamedia 
338 |a online resource  |b cr  |2 rdacarrier 
500 |a Record is based on bibliographic data in ProQuest U.S. Congressional Research Digital Collection (last viewed June 2010). Reuse except for individual research requires license from ProQuest, LLC. 
500 |a CRS Report. 
520 |a Discusses problems facing policymakers created by rising food prices. 
500 |a Electronic resource. 
650 0 |a Food prices. 
655 7 |a Electronic books.  |2 local 
710 2 |a ProQuest (Firm) 
776 0 8 |i Microfiche version:   |a Library of Congress. Congressional Research Service.  |t Food Prices 
830 0 |a U.S. Congressional Research. 
856 4 0 |u http://proxy.library.tamu.edu/login?url=https://congressional.proquest.com/congcomp/getdoc?CRDC-ID=CRS-1980-ENR-0033  |z Connect to the full text of this electronic book  |t 0 
999 |a MARS 
999 f f |s 31ff030f-408c-3bad-aa22-742ad3713a29  |i 0a2febb9-b1a7-37a3-88eb-67640298da80  |t 0 
952 f f |a Texas A&M University  |b College Station  |c Electronic Resources  |s www_evans  |d Available Online  |t 0  |e CRS-1980-ENR-0033  |h Other scheme 
998 f f |a CRS-1980-ENR-0033  |t 0  |l Available Online